El delito de trf̀ico de drogas Cometido por personas que pertenecen a una organizacin̤ delictiva /

Detalles Bibliográficos
Autor principal: Bretones Alcaraz, Francisco Javier
Formato: eBook
Lenguaje:español
Publicado: Madrid: Dykinson, 2020
Materias:
Acceso en línea:Acceso restringido

MARC

LEADER 00000nam a22000007a 4500
005 20201103220757.0
007 cr|||| ||||
008 201103s2020 es |||||s|||| 00||0 spa d
020 |a 978-84-1377-081-9 
035 |a vLex 
040 |a 32293 
090 |c 10832  |d 10832 
100 1 |a Bretones Alcaraz, Francisco Javier 
245 1 2 |a El delito de trf̀ico de drogas  |h [Recurso electrn̤ico] :  |b Cometido por personas que pertenecen a una organizacin̤ delictiva /  |c Francisco Javier Bretones Alcaraz 
256 |a Servicio en ln̕ea 
260 |a Madrid:  |b Dykinson,  |c 2020 
300 |a 1 recurso electrn̤ico 
500 |a Esta obra se centra en el anl̀isis, desde un punto de vista jurd̕ico penal, del tratamiento legal, doctrinal y jurisprudencial de la criminalidad organizada, en general, y del narcotrf̀ico organizado, en especial. As,̕ la lucha contra la criminalidad organizada tras los compromisos internacionales asumidos por el Estado espaǫl, ha tenido su reflejo en la legislacin̤ penal espaǫla, concretǹdose con la LO 5/2010 de 22 de junio de reforma de nuestro CP, en una regulacin̤ especialmente compleja, con tres va̕s sancionadoras: 1ð el delito de asociacin̤ ilc̕ita; 2ð los subtipos agravados de pertenencia a organizacin̤ criminal de la parte especial y 3ð los delitos de organizacin̤, que comprende las organizaciones y grupos criminales. Dentro de esa segunda va̕ penalizadora de la criminalidad organizada se introduce en nuestro CP el art. 369 bis, lo que supone una ruptura sustancial de la regulacin̤ hasta ese momento del subtipo cualificado de pertenencia a organizacin̤ delictiva, pues se configura un tipo delictivo autn̤omo que engloba, de una parte, las conductas tradicionales de trf̀ico de drogas, y, de otra parte, su comisin̤ en el seno de una organizacin̤ delictiva, previendo adems̀ un marco punitivo propio. Se estudia la regulacin̤ de la criminalidad organizada en general, anterior y posterior a la reforma del CP del aǫ 2010. La sinergia entre el tipo penal bs̀ico (art. 368 CP) y el subtipo agravado de pertenencia a organizacin̤ delictiva es analizada con detalle tanto en lo relativo al objeto material como en lo que se refiere al bien jurd̕ico protegido y las conductas tp̕icas, efectuando una correlacin̤ analt̕ica exhaustiva. Hay un anl̀isis especial del concepto de organizacin̤ delictiva, elemento normativo utilizado en el tipo objeto de estudio y para cuya determinacin̤ se debe acudir a otro precepto instalado en otro Tt̕ulo del mismo cuerpo legal, el art. 570 bis CP. As ̕mismo, y tras un anl̀isis sobre quienes deben ser considerados jefes, administradores o encargados en el narcotrf̀ico organizado, se plantean los problemas de autora̕ y participacin̤ que surgen precisamente en relacin̤ a los mismos, los cuales ordinariamente no tienen contacto directo con la sustancia prohibida pero que, sin embargo, son quienes obtienen mayores beneficios econm̤icos. La nueva penalidad especf̕ica y autn̤oma establecida en el subtipo agravado se analiza junto con sus problemas concursales, cerrǹdose as ̕el cr̕culo de aspectos problemt̀icos de necesaria exposicin̤. 
506 1 |a Disponible solo en los productos indicados  |d vLex Global  |d vLex Global (Academic Edition, excluding Law Schools)  |d vLex Global (U.S. Academic Edition, Law Schools)  |d vLex Global (U.S. Academic Edition, excluding Law Schools)  |d vLex Global (Academic Edition, Law Schools) 
650 0 4 |a Derecho Penal  |z Espaą 
740 0 |a vLex Libros (Servicio en ln̕ea) 
856 4 0 |u http://vlex.com/source/delito-de-trafico-de-drogas-cometido-por-personas-que-pertenecen-a-una-organizacion-delictiva-32293  |z Acceso restringido 
942 |c BOOK 
999 0 |a Criminal law